Ophthalmology / (Record no. 1779)

MARC details
000 -LEADER
fixed length control field 00487nam a22001937a 4500
003 - CONTROL NUMBER IDENTIFIER
control field OSt
005 - DATE AND TIME OF LATEST TRANSACTION
control field 20150518161003.0
008 - FIXED-LENGTH DATA ELEMENTS--GENERAL INFORMATION
fixed length control field 150518b xxu||||| |||| 00| 0 eng d
020 ## - INTERNATIONAL STANDARD BOOK NUMBER
International Standard Book Number 0750639636
040 ## - CATALOGING SOURCE
Transcribing agency DLC
082 ## - DEWEY DECIMAL CLASSIFICATION NUMBER
Classification number WW 100 C3980 1993
100 ## - MAIN ENTRY--PERSONAL NAME
Personal name Chawla Hector Bryson
9 (RLIN) 4675
245 ## - TITLE STATEMENT
Title Ophthalmology /
Statement of responsibility, etc. Hector Bryson Chawla
250 ## - EDITION STATEMENT
Edition statement 2nd ed.
300 ## - PHYSICAL DESCRIPTION
Extent viii, 354 P :
Other physical details ill;
Dimensions 24 cm
504 ## - BIBLIOGRAPHY, ETC. NOTE
Bibliography, etc Includes index
650 ## - SUBJECT ADDED ENTRY--TOPICAL TERM
Topical term or geographic name as entry element Ophthalmology
9 (RLIN) 338
942 ## - ADDED ENTRY ELEMENTS (KOHA)
Source of classification or shelving scheme Other/Generic Classification Scheme
Koha item type Short Loan
Holdings
Withdrawn status Lost status Source of classification or shelving scheme Damaged status Not for loan Home library Current library Date acquired Source of acquisition Inventory number Total Checkouts Full call number Barcode Date last seen Price effective from Koha item type
    Other/Generic Classification Scheme     MUST Main Library MUST Main Library 18/05/2015   2002/17599   WW 100 C3980 1993 2015-1446 18/05/2015 18/05/2015 Short Loan
    Other/Generic Classification Scheme     MUST Main Library MUST Main Library 20/05/2015   2002/17597   WW 100 C3980 1993 2015-1461 20/05/2015 20/05/2015 Short Loan